|
|
|
|
| LEADER |
00000nam a2200000 a 4500 |
| 001 |
UCT6523 |
| 003 |
CL-VaPUC |
| 008 |
970113e19710000SP |||||||||||||||||spa|d |
| 082 |
0 |
4 |
|a H863.09
|b MOR
|2 21
|
| 100 |
|
|
|a Morán López, Fernando
|e autor
|9 424608
|
| 245 |
1 |
0 |
|a Novela y semidesarrollo: una interpretación de la novela hispanoamericana y española
|
| 300 |
|
|
|a 431 p
|
| 942 |
|
|
|c BK
|
| 945 |
|
|
|d 19970113 00:00:00
|a nastorga
|
| 260 |
|
|
|a Madrid
|b Taurus
|c 1971
|
| 650 |
|
7 |
|a NOVELA HISPANOAMERICANA
|2 CL-VaPUC
|9 309990
|
| 650 |
|
0 |
|a Crítica e interpretación
|9 255042
|
| 650 |
|
0 |
|a Historia
|9 255047
|
| 650 |
|
7 |
|a NOVELA ESPAÑOLA
|2 CL-VaPUC
|9 313139
|
| 650 |
|
0 |
|a Sociedad
|9 307903
|
| 650 |
|
0 |
|a Cultura
|9 269059
|
| 650 |
|
0 |
|a Medios de comunicación de masas
|9 257273
|
| 650 |
|
0 |
|a Literatura
|9 259151
|
| 650 |
|
0 |
|a Poesía
|9 265825
|
| 583 |
|
|
|a last modification
|c 19970113 00:00:00
|k Rodrigo Vera
|
| 999 |
|
|
|c 255214
|d 255212
|
| 952 |
|
|
|0 0
|1 0
|4 0
|6 H_863_090000000000000_MOR_1971
|7 0
|8 A
|9 277351
|a BIBEDU
|b BIBEDU
|d 2019-11-19
|i 3268586
|o H863.09 MOR 1971
|p 3268586
|r 2019-11-19
|w 2019-11-19
|y BK
|k LIT
|